Liberties of the mind

This book consists of the following many parts: introduction mind control, priciples, instances, the liberty of self-renewal, instances.

Uloženo v:
Podrobná bibliografie
Hlavní autor: Morgan, Charles
Médium: Kniha
Jazyk:Undetermined
Vydáno: New York MacMillan 1951
Tagy: Přidat tag
Žádné tagy, Buďte první, kdo otaguje tento záznam!
Thư viện lưu trữ: Trung tâm Học liệu Trường Đại học Cần Thơ
LEADER 00524nam a2200157Ia 4500
001 CTU_108187
008 210402s9999 xx 000 0 und d
082 |a 323.44 
082 |b M847 
100 |a Morgan, Charles 
245 0 |a Liberties of the mind 
260 |a New York 
260 |b MacMillan 
260 |c 1951 
520 |a This book consists of the following many parts: introduction mind control, priciples, instances, the liberty of self-renewal, instances. 
980 |a Trung tâm Học liệu Trường Đại học Cần Thơ